| 000 | 00961cam a2200265 a 4500 | ||
|---|---|---|---|
| 001 | 000005257 | ||
| 005 | 20200929151625.0 | ||
| 008 | 991122s1999 sp a b 000 f spa | ||
| 020 | _a8437616999 | ||
| 040 |
_aDO-SdBNP _cDLC _dDLC |
||
| 082 |
_a861.6 _bA334r |
||
| 100 | 1 |
_aAlberti, Rafael, _d1902-1999. _99163 |
|
| 245 | 1 | 0 |
_aRetornos de lo vivo lejano : _bora maritima / _cRafael Alberti ; edición, Gregorio Torres Nebrera. |
| 260 |
_aMadrid : _bCátedra, _c1999. |
||
| 300 |
_a310 p. : _bil. ; _c18 cm. |
||
| 490 | 1 |
_aLetras hispánicas _v463 |
|
| 600 | 1 | 0 |
_aALBERTI, RAFAEL, _d1902-1999 _xCRÍTICA E INTERPRETACIÓN _914998 |
| 650 | 4 |
_aPoesía española _xCrítica e interpretación _94053 |
|
| 650 | 4 |
_aLiteratura española _xCrítica e interpretación _ySIGLO XXI _914999 |
|
| 700 | 1 |
_aTorres Nebrera, Gregorio, _eed. _915000 |
|
| 740 | 0 | 2 | _aOra maritima |
| 830 | 0 |
_aLetras hispánicas ; _v463 _94208 |
|
| 910 | _aCatalogación por copia / LC | ||
| 910 | _aWM | ||
| 999 |
_c5058 _d5058 |
||